| 000 | 00000nam 2200000zi 4500 |
| 001 | 9.940799 |
| 003 | CaOODSP |
| 005 | 20250324101601 |
| 006 | m o d f |
| 007 | cr mn||||||||| |
| 008 | 240719s1978 onc o f000 0 fre d |
| 040 | |aCaOODSP|bfre|erda|cCaOODSP |
| 043 | |an-cn-mb|an-cn--- |
| 086 | 1 |aRE24-54/1978F-PDF |
| 245 | 00|aEntente auxiliaire, Canada/Manitoba, le développement industriel, 21 avril 1978. |
| 246 | 33|aCanada-Manitoba entente auxiliaire sur le développement industriel |
| 264 | 1|a[Ottawa] : |bExpansion économique régionale Canada = Regional Economic Expansion Canada, |c[1978] |
| 300 | |a1 ressource en ligne (24 pages) |
| 336 | |atexte|btxt|2rdacontent/fre |
| 337 | |ainformatique|bc|2rdamedia/fre |
| 338 | |aressource en ligne|bcr|2rdacarrier/fre |
| 500 | |aPublié aussi en anglais sous le titre : Subsidiary agreement, Canada/Manitoba, industrial development, April 21, 1978. |
| 500 | |aÉdition numérisée de l'imprimé [par Innovation, sciences et développement économique Canada]. |
| 650 | 6|aPromotion industrielle|zManitoba. |
| 650 | 6|aAide au développement économique régional|zManitoba. |
| 650 | 6|aRelations fédérales-provinciales (Canada)|zManitoba. |
| 651 | 6|aManitoba|xPolitique économique. |
| 710 | 1 |aCanada. |bExpansion économique régionale, |eorganisme de publication. |
| 775 | 08|tSubsidiary agreement, Canada/Manitoba, industrial development, April 21, 1978.|w(CaOODSP)9.898215 |
| 856 | 40|qPDF|s507 Ko|uhttps://publications.gc.ca/collections/collection_2024/isde-ised/re24/RE24-54-1978-fra.pdf |